00723cam a2200181 a 450000500170000000800410001704000230005804100080008104400070008924501510009626000480024730000590029565000270035465000340038170000330041570000300044871000630047820161012120906.0981028s1997 ck a r 00010 spa d ala cladCO-BoIAVH0 aspa ack00aVamos a cultivar peces : btilapia nilótica ó mojarra plateada y cachama /cJaime Bairo Orrego Murillo ; fotos archivo Cornare ... [et al.]. a[Santa Fe de Bogotá] : bCornare, c1997. a31 páginas : bilustraciones a color ; c21 x 16 cm.26aPisciculturazColombia26aPeces de agua dulcezColombia1 aOrrego Murillo, Jaime Bairo.1 aIral Zapata, Gloria Offir2 aCorporación Autónoma Regional Rionegro - Nare. Cornare